ریشم ریشم۔۔۔۔۔۔۔۔۔۔۔۔ (Record no. 529071)
[ view plain ]
| 000 -LEADER | |
|---|---|
| fixed length control field | 00407nam a2200145Ia 4500 |
| 005 - DATE AND TIME OF LATEST TRANSACTION | |
| control field | 20190919113421.0 |
| 008 - FIXED-LENGTH DATA ELEMENTS--GENERAL INFORMATION | |
| fixed length control field | 190125s9999 xx 000 0 und d |
| 040 ## - CATALOGING SOURCE | |
| Transcribing agency | MUHAMMAD SOHAIL |
| 082 ## - DEWEY DECIMAL CLASSIFICATION NUMBER | |
| Classification number | 910.4 |
| 100 ## - MAIN ENTRY--PERSONAL NAME | |
| Personal name | Amjad Islam Amjad |
| 9 (RLIN) | 9447 |
| 245 ## - TITLE STATEMENT | |
| Title | ریشم ریشم۔۔۔۔۔۔۔۔۔۔۔۔ |
| Remainder of title | Resham Resham |
| 260 ## - PUBLICATION, DISTRIBUTION, ETC. | |
| Name of publisher, distributor, etc. | Sange Meel |
| Place of publication, distribution, etc. | Lahore |
| Date of publication, distribution, etc. | 2009 |
| 300 ## - PHYSICAL DESCRIPTION | |
| Extent | 173p. : |
| Dimensions | 25cm |
| Other physical details | 25cm |
| 942 ## - ADDED ENTRY ELEMENTS (KOHA) | |
| Source of classification or shelving scheme | |
| Koha item type | Book |
| Withdrawn status | Lost status | Source of classification or shelving scheme | Damaged status | Not for loan | Permanent Location | Current Location | Date acquired | Total Checkouts | Full call number | Barcode | Date last seen | Price effective from | Koha item type |
|---|---|---|---|---|---|---|---|---|---|---|---|---|---|
| School of Civil and Environmental Engineering (SCEE) | School of Civil and Environmental Engineering (SCEE) | 09/19/2019 | 910.4 | NIT-10691 | 09/19/2019 | 09/19/2019 | Book |
